|
|
|
|
| LEADER |
00000nam2a2200000 4500 |
| 001 |
111510 |
| 005 |
20231101215012.0 |
| 010 |
|
|
|a 5939520172
|
| 035 |
|
|
|a (RuTPU)RU\TPU\book\120433
|
| 035 |
|
|
|a RU\TPU\book\116602
|
| 090 |
|
|
|a 111510
|
| 100 |
|
|
|a 20070316d2004 km y0rusy50 ca
|
| 101 |
0 |
|
|a rus
|
| 102 |
|
|
|a RU
|
| 105 |
|
|
|a a fg 001zy
|
| 200 |
0 |
|
|a Т. 2
|
| 210 |
|
|
|d 2004
|
| 215 |
|
|
|a 608 с.
|c ил.
|
| 320 |
|
|
|a Библиогр.: с. 599.
|
| 320 |
|
|
|a Условные обозначения: с. 600-608.
|
| 330 |
|
|
|a В справочнике приведены основы термической обработки металлов и впервые широко освещены современное российское и зарубежное оборудование для термической обработки, организация технологического процесса, контроль качества и техника безопасности. Подробно рассмотрены технологии закалки, нормализации, отжига, отпуска и старения, химико-термическая обработка (цементация, азотирование, металлизация), объемная и объемно-поверхностная закалка, применение токов высокой частоты, газопламенная обработка крупногабаритных деталей. Наряду с этим даны свойства всех промышленных сталей и сплавов на основе железа, алюминия, титана, магния, меди, никеля, хрома, молибдена и других металлов. Помимо большого объема табличных справочных данных книга содержит описание конкретных технологий широкой номенклатуры машиностроительных деталей и мероприятий, направленных на получение однородной и неоднородной структуры и свойств, на уменьшение напряжений и на ослабление окисления, выгорания элементов и коробления изделий. Для инженеров-технологов, материаловедов и конструкторов машиностроительного комплекса, а также для студентов и аспирантов, специализирующихся в области современных технологий обработки металлов.
|
| 461 |
|
1 |
|0 (RuTPU)RU\TPU\book\121142
|y 5-93952-015-4
|t Энциклопедический справочник термиста-технолога
|f С. Б. Масленков [и др.]
|v Т. 2
|d 2003-2004
|
| 606 |
1 |
|
|a Термическая обработка металлов
|2 stltpush
|3 (RuTPU)RU\TPU\subj\68426
|9 83756
|
| 610 |
1 |
|
|a металлообработка
|
| 610 |
1 |
|
|a металлы
|
| 610 |
1 |
|
|a улучшаемые стали
|
| 610 |
1 |
|
|a машиностроительные стали
|
| 610 |
1 |
|
|a чугун
|
| 610 |
1 |
|
|a литейные стали
|
| 610 |
1 |
|
|a легированные стали
|
| 610 |
1 |
|
|a высоколегированные стали
|
| 610 |
1 |
|
|a инструментальные стали
|
| 610 |
1 |
|
|a коррозионностойкие стали
|
| 610 |
1 |
|
|a жаростойкие стали
|
| 610 |
1 |
|
|a жаростойкие сплавы
|
| 610 |
1 |
|
|a термобиметаллы
|
| 610 |
1 |
|
|a магнитные стали
|
| 610 |
1 |
|
|a немагнитные стали
|
| 610 |
1 |
|
|a энциклопедические справочники
|
| 675 |
|
|
|a 621.785(035)
|v 3
|
| 801 |
|
1 |
|a RU
|b 63413507
|c 20070111
|g PSBO
|
| 801 |
|
2 |
|a RU
|b 63413507
|c 20200824
|g PSBO
|
| 942 |
|
|
|c BK
|
| 959 |
|
|
|a 116/20061226
|d 1
|e 13000,00
|f ЧЗТЛ:1
|